<?xml version="1.0" encoding="UTF-8"?>
<collection xmlns="http://www.loc.gov/MARC21/slim">
 <record>
  <leader>01428nam a2200205Ia 4500</leader>
  <controlfield tag="001">CTU_16646</controlfield>
  <controlfield tag="008">210402s9999    xx            000 0 und d</controlfield>
  <datafield tag="020" ind1=" " ind2=" ">
   <subfield code="b">12000đ</subfield>
  </datafield>
  <datafield tag="082" ind1=" " ind2=" ">
   <subfield code="a">615.329</subfield>
  </datafield>
  <datafield tag="082" ind1=" " ind2=" ">
   <subfield code="b">H103</subfield>
  </datafield>
  <datafield tag="100" ind1=" " ind2=" ">
   <subfield code="a">Nguyễn Văn Hai</subfield>
  </datafield>
  <datafield tag="245" ind1=" " ind2="0">
   <subfield code="a">Chiến lược kháng sinh ứng dụng lâm sàng</subfield>
  </datafield>
  <datafield tag="245" ind1=" " ind2="0">
   <subfield code="c">Nguyễn Văn Hai, Lê Thành Lập</subfield>
  </datafield>
  <datafield tag="260" ind1=" " ind2=" ">
   <subfield code="a">Cần Thơ</subfield>
  </datafield>
  <datafield tag="260" ind1=" " ind2=" ">
   <subfield code="b">Sở Y Tế</subfield>
  </datafield>
  <datafield tag="260" ind1=" " ind2=" ">
   <subfield code="c">1995</subfield>
  </datafield>
  <datafield tag="520" ind1=" " ind2=" ">
   <subfield code="a">Sách nêu lên các nguyên tắc cơ bản về sử dụng, các bước điều trị, tính năng tác dụng, kể cả tác dụng phụ bất lợi củ từng loại kháng sinh, đồng thời không quên nhắc tới các nhóm vi khuẩn gây bệnh chịu và không chịu nhạy cảm với thuốc. Sách mô tả triệu chứng lâm sàng khá chi tiết, kết hợp với cận lâm sàng một số bệnh nhằm tìm hiểu cơ địa bệnh nhân - xác định loại bệnh và vi khuẩn gây bệnh. Từ đó, chọn lựa kháng sinh thích hợp, giảm bớt việc điều trị bao vây gây tốn kém tiền bạc cho người bệnh</subfield>
  </datafield>
  <datafield tag="650" ind1=" " ind2=" ">
   <subfield code="a">antibiotics,drugs - microbiology,pharmaceutical microbiology</subfield>
  </datafield>
  <datafield tag="904" ind1=" " ind2=" ">
   <subfield code="i">Minh, 970604</subfield>
  </datafield>
  <datafield tag="980" ind1=" " ind2=" ">
   <subfield code="a">Trung tâm Học liệu Trường Đại học Cần Thơ</subfield>
  </datafield>
 </record>
</collection>
